Entrepreneur's experience and quality of the business proposal applying for angel investment
Gespeichert in:
| 1. Verfasser: | |
|---|---|
| Format: | Buchkapitel |
| Sprache: | Englisch |
| Schlagworte: | |
| Tags: |
Keine Tags, Fügen Sie das erste Tag hinzu!
|
MARC
| LEADER | 00000naa$a2200000$$$4500 | ||
|---|---|---|---|
| 001 | 0230484 | ||
| 005 | 20240502083619.9 | ||
| 041 | 0 | |a eng | |
| 044 | |a DE | ||
| 245 | 1 | 0 | |a Entrepreneur's experience and quality of the business proposal applying for angel investment |c Róbert Hanák |
| 500 | |a Abstrakt | ||
| 610 | 2 | 0 | |a investovanie |
| 610 | 2 | 0 | |a návrhy zlepšovacie |
| 610 | 2 | 0 | |a podnikanie |
| 610 | 2 | 0 | |a start-up |
| 100 | 1 | |a Hanák, Róbert, 1979- | |